Vista normal
Vista MARC
Entrada Meeting Name
Número de registros utilizados en: 1
001 - CONTROL NUMBER
- control field: 40989
003 - CONTROL NUMBER IDENTIFIER
- control field: OSt
005 - DATE AND TIME OF LATEST TRANSACTION
- control field: 20211006163115.0
008 - FIXED-LENGTH DATA ELEMENTS
- fixed length control field: 211006|| aca||aabn | a|a d
040 ## - CATALOGING SOURCE
- Original cataloging agency: OSt
- Transcribing agency: OSt
111 ## - HEADING--MEETING NAME
- Meeting name or jurisdiction name as entry element: Seminario Científico "Ciencia y Agricultura tropical para el siglo XXI" (
- Date of meeting or treaty signing: 2008 :
- Location of meeting: Bogotá, Colombia)
670 ## - SOURCE DATA FOUND
- Source citation: Work cat.: (OSt)12597: Seminario Científico "Ciencia y Agricultura tropical para el siglo XXI" ( 2008 : Bogotá, Colombia), Memorias / , 2008.